[Event "Millennium CG Exclusive - Tasc R30 V2.5"]
[Site "Wien"]
[Date "????.??.??"]
[Round "26"]
[White "Tasc R30 V2.5, aktiv"]
[Black "Millennium CG Exclusive"]
[Result "1/2-1/2"]
[WhiteElo "2335"]
[BlackElo "2402"]
[PlyCount "151"]
[EventDate "2021.??.??"]

1. c4 Nf6 2. d4 c6 3. Nf3 d5 4. Nc3 e6 5. e3 Nbd7 6. Bd3 Bb4 7. O-O O-O 8. Qc2
{Buchende Tasc} dxc4 9. Bxc4 {Der Tasc ist zufrieden mit seinem Buch, erste
Bewertung +0,48} Bd6 {Buchende Genius} 10. Bd3 h6 {Der Genius ist mit seinem
Buch nicht zufrieden, erste Bewertung -0,43} 11. Bd2 e5 12. dxe5 Nxe5 13. Nxe5
Bxe5 14. f4 Bd6 15. Ne4 Nxe4 16. Bxe4 Qb6 17. Bh7+ Kh8 18. Bd3 Bc5 19. Rf3 Re8
20. Re1 Be6 21. Rg3 f6 22. b4 Bd6 23. Kh1 Qc7 24. Bc3 Bf7 25. Rd1 Rad8 26. a3
a5 27. Bf5 axb4 28. axb4 Ra8 29. Qb1 Red8 30. Rd2 Be7 31. Rxd8+ Rxd8 32. Kg1
Qb6 33. Bd3 Bd6 {der Genius nimmt sich ganze 15 Minuten für diesen Zug und
kommt auf +0,37 (an dieser Stelle hätte lt. Analyse von Fruit 2.1. c5 !!
bereits einen Vorteil von +1,00 für Schwarz ergeben.} 34. Kf1 Re8 35. Qb2 Qd8
36. Qc2 Qc7 37. Kg1 {Tasc +0,12} Qb6 {Der Genius sieht den vorigen Zug des
Tasc als klaren Fehler und steigt hier auf +1,21} 38. Bc4 {Tasc nach 12
Minuten Bedenkzeit sieht es anders als der Genius 0,00, erwartet hier Lxc4
nebst Lxf6!!} Bxf4 {Genius +1,09} 39. Bxf7 {Tasc +0,38} Bxg3 {Genius +0,68} 40.
Bxe8 {Tasc 0,00} Qxe3+ {Genius +1,67} 41. Kf1 {Tasc 0,00} Bxh2 {Genius +1,67}
42. Bg6 {Tasc -0,10} Qg1+ 43. Ke2 Qxg2+ {Genius +1,53} 44. Ke3 {Tasc -0,14 
(Fruit 2.1. sieht auch nur knappen Vorteil für Schwarz mit +0,36), rein vom
materiellen Standpunkt hat der Genius 4 Bauern für einen Läufer, der Läufer
g6 blockiert aber nachhaltig den gesamten Königsflügel, ein Vormarsch schein
hier zumindest im Augenblick nicht möglich.} Qg1+ 45. Ke2 Qg4+ 46. Kf2 Bg3+
47. Kf1 Qf3+ 48. Kg1 Bb8 49. Qf5 {Tasc 0,00} Qxf5 {Genius +1,20 ?? viel zu
opitimistisch meiner Meinung nach.} 50. Bxf5 {Tasc +0,03} Bd6 51. Kg2 {Tasc +0,
03} Kg8 52. Bc8 b6 53. Bd7 c5 54. bxc5 Bxc5 {Genius +1,59} 55. Be8 Kf8 {
Genius +1,56 ?? ist hier viel zu optimistisch, der Läufer auf g6 blockiert
den gesamten Königsflügel !!!} 56. Bg6 b5 57. Bb2 b4 58. Kf3 Ke7 59. Ke4 Ke6
60. Kd3 {eindeutig falsche Entscheidung, viel besser wäre hier Lf5+ !} Bd6 61.
Kc4 Be5 62. Bxe5 Kxe5 63. Kxb4 {zu diesem Zeitpunkt ist es bereits höchst
fraglich, ob der Läufer die 3 Bauern stoppen kann, sieht nicht gut aus für
den Tasc. Tasc -0,54} f5 {Genius +1,46 (Fruit 2.1. bewertet hier bereits +2,44
für Schwarz)} 64. Kc3 {Tasc -0,58} Kf6 {Genius +1,78} 65. Be8 {Tasc -1,16} g5
{Genius +1,81} 66. Kd3 {Tasc -1,16} g4 {Genius +1,87} 67. Ke3 {Tasc -1,37} Kg5
68. Kf2 f4 69. Bc6 {Tasc -1,64} h5 {Genius +1,50} 70. Bd5 {schon seit
Ewigkeiten hat hier Fruit 2.1. eine Bewertung von +2,43 für Schwarz immer das
Gleiche geht aber nicht mal einen hundertstel Punkt höher, ist das am Ende
doch nicht zu gewinnen ? Für mich hätte das eigentlich gut für Schwarz
ausgesehen, aber so kann man sich täuschen, wohl doch nur Remis.} h4 71. Bb7 {
Tasc -1,58} h3 {Genius +1,37} 72. Bc8 {Tasc -1,56} Kh5 73. Bd7 Kh4 74. Bc6 Kg5
{Genius hat sich hier mit dem Remis abgefunden, erkennt dies als Erster noch
vor dem Tasc und sogar vor Fruit 2.1., der immer noch stur auf +2,43 klebt,
nicht mehr und nicht weniger. Genius +0,09 !!!!} 75. Bd7 h2 76. Kg2 1/2-1/2

[Event "Millennium CG Exclusive - Tasc R30 V2.5"]
[Site "Wien"]
[Date "????.??.??"]
[Round "27"]
[White "Millennium CG Exclusive"]
[Black "Tasc R30 V2.5, aktiv"]
[Result "0-1"]
[WhiteElo "2402"]
[BlackElo "2335"]
[PlyCount "86"]
[EventDate "2021.??.??"]

1. d4 d5 2. Nf3 e6 3. c4 Nf6 4. Nc3 dxc4 {Buchende Tasc} 5. Bg5 Bb4 6. e4 c5 {
Tasc zurück im Buch} 7. e5 cxd4 {Buchende Tasc} 8. Nxd4 Qa5 9. exf6 Bxc3+ 10.
bxc3 Qxg5 11. fxg7 Qxg7 12. Qf3 {Buchende Genius} Rg8 {Der Genius startet
aufgrund des wesentlichen Buchvorteils mit einem Zeitvorsprung von 15 Minuten
in die Partie. Bewertung Tasc +0,24} 13. Qg3 {Der Genius ist aber trotzdem
nicht zufrieden mit seinem Buch, erste Bewertung -0,32 (er hat ja auch einen
Minusbauern nach dem Buchende)} Nd7 {Tasc +0,13} 14. Nb5 {Genius -0,07} Qh8 {
Tasc +0,23} 15. Qe3 Kf8 16. Bxc4 {mit diesem völlig unverständlichen Zug
übersieht der Genius den logischen Einschlag auf g2, was bitte sonst hätte
Schwarz hier ziehen sollen ?? Genius hier noch -0,03.} Rxg2 {Dieser Zug kommt
nun völlig überraschend für den Genius und er fällt innerhalb von nur
einem Zug von -0,03 auf -1,04 ???} 17. Kf1 Rg4 {Tasc hier man muss sagen nur
+0,38.} 18. Be2 {Genius -0,82 (lt. Analyse von Fruit 2.1. wäre hier Lxe6 !!
mit nur Minus 0,11 für Weiss gewesen.)} Rg8 {Tasc +0,16} 19. Rg1 {Genius -0,85
} Rxg1+ {Tasc hier merkwürdig vorsichtig mit seiner Bewertung er schätzt ja
bekanntlich Bauern nicht allzu hoch ein hier nur +0,32} 20. Kxg1 {Genius -0,53}
a6 {Tasc +0,35} 21. Nd6 {Genius -0,46} Qe5 {Tasc +0,36} 22. Rd1 {Genius -0,46,
lt. Analyse von Fruit 2.1. ein ganz schlechter Zug, der gleich eine halbe
Bauerneinheit schlechter ist als 22.Dd2 !! (Stellungsbewertung Fruit an dieser
Stelle +1,06 für Schwarz)} Qxe3 {Tasc +0,58} 23. fxe3 {Genius -0,67, meiner
Meinung nach eine bereits verlorene Stellung an dieser Stelle schon alleine
angesichts der katastrophalen Bauernstruktur von Weiss.} Ne5 {Der Tasc bleibt
hier eigentlich mit +0,64 recht bescheiden, angesichts des klaren Vorteils. 
(Fruit 2.1. bewertet hier bereits mit +1,21 für Schwarz)} 24. Kf2 {Woher der
Genius hier seinen Optimismus nimmt ist für mich unbegreiflich nur -0,45 !!}
Ke7 25. Rd2 {schön langsam kommt auch der Genius zur Einsicht dieser
hoffnungslosen Lage, aber immer noch viel zu gut bewertet mit -0,76 (Fruit 2.1.
ist hier bereits bei +1,35 für Schwarz)} Rb8 {Tasc +0,88 wird
zuversichtlicher und das völlig zurecht.} 26. Rd4 {Genius -0,79} Bd7 {Tasc +0,
94 (Fruit 2.1. bereits +1,48)} 27. Nc4 Nxc4 28. Rxc4 Rc8 {Tasc +1,13} 29. Rxc8
Bxc8 {Tasc +1,17} 30. Kg3 {Genius -0,95 ??, da kann man sich schon die Frage
nach der Ernsthafigkeit stellen, bei soviel Ahnungslosigkeit in dieser
Stellung also ehrlich gesagt auf diesem ELO-Niveau eine unwürdige Leistung !!!
} f5 {Der Tasc ist dem Genius in jeder Hinsicht klar überlegen und beweist
hier den weit größeren Weitblick +1,33} 31. Kh4 {Genius -1,01} Kf6 {Tasc +1,
37 (Fruit 2.1. ist hier bereits auf +1,84)} 32. Kh5 {Und der nächste ganz
erbärmliche Zug, der Genius rechnet hier allen Ernstes mit 32.Kg7 und wird
von dem nächsten logischen Zug des Tasc abermals überrascht.} e5 {Tasc +1,82}
33. Kh6 f4 {Tasc +1,76} 34. exf4 exf4 35. Bf3 b6 36. a3 Bf5 37. Kh5 Ke5 {
Tasc +2,25 (Fruit +2,99)} 38. Bb7 {An dieser Stelle dreht der Genius komplett
durch nur -1,26, einfach UNFASSBAR !} a5 39. Kh4 Be6 {Tasc +2,50} 40. Bc6 {
Endlich knickt auch der Genius ein -2,32, kommt reichlich spät diese
Erkenntnis.} Bd5 41. Bb5 Ke4 42. Ba6 Ke3 43. Bf1 Be4 {Seid mir nicht böse,
dass ich es nicht zu Ende spiele, aber an dieser Stelle macht diese Partie
keinen Sinn mehr, Userentscheid: 0-1} 0-1

[Event "Millennium CG Exclusive - Tasc R30 V2.5"]
[Site "Wien"]
[Date "????.??.??"]
[Round "28"]
[White "Tasc R30 V2.5, aktiv"]
[Black "Millennium CG Exclusive"]
[Result "1/2-1/2"]
[WhiteElo "2335"]
[BlackElo "2402"]
[PlyCount "99"]
[EventDate "2021.??.??"]

1. d4 e6 2. e4 d5 3. Nd2 c5 4. exd5 Qxd5 5. Ngf3 cxd4 6. Bc4 Qd6 7. O-O Nf6 8.
Nb3 {Buchende Tasc} Nc6 9. Nbxd4 Nxd4 10. Nxd4 {Tasc zurück im Buch} Be7 {
Buchende Genius} 11. Be3 O-O {Genius bewertet sein Buch knapp positiv +0,06}
12. Nb5 {Tasc bewertet sein Buch leicht negativ -0,15} Qc6 13. Qe2 a6 14. Nd4
Qc7 15. Bd3 Bd6 16. Nf3 Nd5 17. Rfd1 Nxe3 18. Qxe3 Bc5 19. Qe4 g6 20. b4 Be7
21. Rab1 Bf6 22. a4 Bd7 23. b5 axb5 24. Bxb5 Bxb5 25. Rxb5 Rfc8 {Genius +0,84
total überbewertet, ich sehe hier keinerlei Vorteil für Schwarz.} 26. Rxb7 {
Tasc -0,52} Qxc2 {Hier erfolgt gleich der Absturz auf nur noch +0,28, zurecht
natürlich.} 27. Qxc2 Rxc2 28. h3 Rxa4 29. Rdd7 Ra1+ 30. Kh2 Rxf2 31. Rxf7 Rb2
32. Rbd7 Rd1 33. Rc7 Rc2 34. Rb7 Bb2 35. Rfe7 Rd8 36. Kg3 Re2 37. Rxh7 Rd3 38.
Rhf7 Rc2 39. Kh2 Rb3 40. Rbd7 Rd3 41. Rde7 Re3 42. Rf4 g5 43. Re8+ Kg7 44. Nxg5
Be5 45. Nxe6+ Kh6 46. Ref8 Bxf4+ 47. Nxf4 Kg5 48. Nd5 Ree2 49. Rg8+ Kf5 50. Rg4
{Userentscheid: Remis} 1/2-1/2

[Event "Millennium CG Exclusive - Tasc R30 V2.5"]
[Site "Wien"]
[Date "????.??.??"]
[Round "29"]
[White "Millennium CG Exclusive"]
[Black "Tasc R30 V2.5, aktiv"]
[Result "1/2-1/2"]
[WhiteElo "2402"]
[BlackElo "2335"]
[PlyCount "95"]
[EventDate "2021.??.??"]

1. d4 d5 2. Nf3 Nf6 {Buchende Tasc} 3. e3 e6 4. b3 {Buchende Genius} Bd6 5. Ba3
{Erst Bewertung nach Buchende exakt vom Genius 0,00} Bxa3 {Tasc +0,09} 6. Nxa3
O-O 7. Bd3 Qe7 8. Nb5 a6 9. Nc3 Nc6 10. Be2 Rd8 {Tasc +0,30} 11. O-O {Genius
+0,03} e5 {Tasc +0,38} 12. dxe5 Nxe5 13. Qd4 {lt. Analyse von Fruit 2.1. ein
schlechter Zug, der gleich 0,35 Bauerneinheiten schlechter ist als 13.Sxe5 !}
Nc6 {Und so sieht es auch der Tasc steigt hier auf +0,41} 14. Qf4 {Genius -0,15
} Qc5 {Tasc +0,72} 15. Na4 Qxc2 {Tasc +0,62} 16. Bd1 Qf5 {Tasc +0,33} 17. Qxc7
{Genius +0,34} Rd7 {Tasc +0,17} 18. Qb6 {Genius -0,03} Re7 {Tasc +0,02} 19. Nc3
Nd7 20. Qc7 Nde5 {Tasc +0,21} 21. Qd6 {Genius 0,00} Be6 {Tasc +0,06} 22. Nxe5
Qxe5 23. Qxe5 Nxe5 24. Ne2 Rc8 25. Nd4 Rc3 26. Be2 Rec7 27. Rfd1 Rc8 28. b4 Nc6
{Tasc +0,04 (lt. Analyse von Fruit 2.1. ist dieser Zug um 0,50 Bauerneinheiten
schlechter als 28. Kf8).} 29. Nxc6 R3xc6 30. g3 Rd8 31. b5 axb5 32. Bxb5 Rc5
33. Rab1 Ra8 34. Bd3 {lt. Analyse von Fruit 2.1. wäre hier 34. a4 !! weit
besser gewesen.} Rxa2 35. Rxb7 g6 36. Bb1 Ra3 {An dieser Stelle eine völlig
ausgeglichene Stellung ohne Gewinnchancen für einen der Kontrahenten, ich
denke klares Remis.} 37. Kg2 {Der Genius sieht sich hier noch mit +0,46 im
Vorteil, ich kann beim besten Willen keinen erkennen, was meint er damit, den
Isolani von Schwarz ?? (Bewertung von Fruit 2.1. bei jeder Rechentiefe exakt 0,
00 !!!} Kg7 {Tasc sieht sich nur mit -0,11 im Nachteil und beweist auch hier
wieder das weit bessere Verständnis als der Genius.} 38. Rb4 {Genius +0,43 ??}
Rc4 39. Rb2 Ra1 40. Ra2 {Genius +0,50} Rxa2 41. Bxa2 Rc5 42. Rd2 Kf6 43. Bb3
Rb5 44. Bd1 Rb4 45. h4 Ke5 46. f4+ Kd6 47. Bf3 f5 48. Kf2 1/2-1/2

[Event "Millennium CG Exclusive - Tasc R30 V2.5"]
[Site "Wien"]
[Date "????.??.??"]
[Round "30"]
[White "Tasc R30 V2.5, aktiv"]
[Black "Millennium CG Exclusive"]
[Result "1/2-1/2"]
[WhiteElo "2335"]
[BlackElo "2402"]
[PlyCount "160"]
[EventDate "2021.??.??"]

1. e4 c5 2. Nf3 d6 3. d4 cxd4 4. Qxd4 {Buchende Tasc} a6 5. Be3 Nc6 {Buchende
Genius} 6. Qc3 Nf6 7. Nbd2 d5 8. Bd3 e5 9. Bc5 d4 10. Qa3 Be6 {mit diesem Zug
lässt der Genius wieder die Rochade zerstören.} 11. Bxf8 Rxf8 12. O-O Qe7 13.
Qxe7+ {An dieser Stelle kann der Genius dankbar sein, dass der Tasc hier in
den Damentausch einwilligt, das wundert mich hier schon auch.} Kxe7 14. Rfc1
Rfd8 15. c3 dxc3 16. Rxc3 Rd6 17. Bc2 Rad8 18. Nc4 Bxc4 19. Rxc4 Nd4 20. Nxd4
Rxd4 21. Rc3 Rd2 22. Re1 R8d6 23. Rc7+ Rd7 24. Rc8 R7d4 25. f3 Ne8 26. Re3 {
Tasc -0,29, (Fruit 2.1. sieht diesen Zug als schweren Fehler und bewertet hier
bereits mit +1,84 für Schwarz und sieht diesen Zug als eine ganze
Bauerneinheit schlechter als Tc5!!)} Nd6 {Der Genius erkennt hier noch nicht
einen allzu großen Vorteil, +0,62} 27. Rc7+ {Tasc -0,42} Kd8 {Genius +0,90}
28. Rc5 {Tasc -0,91} b6 {Genius +1,50} 29. Rc6 {Tasc -1,44} Kd7 {Genius +1,25}
30. Rec3 {Tasc -1,59} Nb5 {Genius +1,40} 31. Rxb6 {Tasc -1,61, dieses
Qualitätsopfer hätte auch Fruit 2.1. gespielt, mir persönlich hätte
eigentlich T3c4 besser gefallen} Nxc3 {Genius +1,98} 32. bxc3 {Mit dem starken
Turm auf der 2. Reihe des Gegners und der Qualität ist diese Partie hier in
meinen Augen für Schwarz bereits klar gewonnen.} Rc4 33. Bb3 Rxc3 34. h3 Rc1+
35. Kh2 Rd6 36. Rb7+ Rc7 37. Rxc7+ Kxc7 38. Bxf7 Rd2 39. h4 Kd6 40. Kh3 Kc5 41.
h5 Kd4 42. Kg3 a5 43. Kh3 Ke3 44. Kg3 a4 45. Bg8 a3 46. Be6 Rb2 47. Bf7 h6 48.
Bc4 Kd4 49. Bf7 Re2 50. Bg8 Rd2 51. Bb3 Ke3 {Als ich dachte diese Partie sei
schon gelaufen habe ich mich anscheinend geirrt, der Genius kommt hier
überhaupt nicht annähernd dem Sieg näher er ignoriert die Möglichkeit den
A-Bauern mit Turm + König abzukassieren, diesen Zug erwägt er nichtmal, geht
ganz schnell darüber hinweg, als ob das keine Alternative wäre, das wird
noch ein mühsames Spiel wenn er da wieder sinnlos alle Positionen für den
Turm druchprobiert. Anscheinend ist der Genius nicht mal fähig diese Partie
zu gewinnen. ARMSELIG !!!!} 52. Bf7 Rc2 53. Bd5 Kd4 {Ergänzend muss ich aber
noch hinzufügen, auch der Tasc und nicht mal der Fruit 2.1. kommen auf die
Idee den A-Bauern zu attackieren !!! Damit ist der Genius nicht alleine.} 54.
Bf7 Kc5 55. Bb3 Rb2 56. Be6 Kd6 57. Bc4 Ke7 58. Bd5 Rd2 59. Bg8 Kf6 60. Bc4 Kg5
61. Bf7 Rb2 62. Kh3 Rb1 63. Kg3 Rh1 64. Kf2 Kf4 65. g3+ Kg5 66. Kg2 Rc1 67. Kf2
Rc7 68. Be6 Kxh5 69. f4 Rc6 70. Bf7+ Kg4 71. fxe5 Rc2+ 72. Ke3 Kxg3 73. e6 Rc7
74. Kd4 Kf4 75. Kd5 Ra7 76. Kd6 Ra6+ {( Selbst in dieser Stellung hätte
wahrscheinlich g5 ! nebst Txe7 und Kxe4 mit den 2 Freibauern gegen den Läufer
mit Hilfe des vorgerückten Königs noch gewonnen, aber der Genius erwägt
nichtmal das und begnügt sich hier mit diesem jämmerlichen Remis, ich kann
es gar nicht fassen um ehrlich zu sein, was für eine JÄMMERLICHE VORSTELLUNG;
WAS BRAUCHT DER NOCH UM EINE PARTIE ZU GEWINNEN ????? Fruit 2.1. jedenfalls
hat das gesehen und auch der TASC R30 EINZIG DER GENIUS HAT DAVON KEINE
AHNUNG! )} 77. Kd5 Ra5+ 78. Kd6 Ra6+ 79. Kd5 Ra7 80. Kd6 Ra6+ {Draw by
repetition} 1/2-1/2

[Event "Millennium CG Exclusive - Tasc R30 V2.5"]
[Site "Wien"]
[Date "????.??.??"]
[Round "31"]
[White "Millennium CG Exclusive"]
[Black "Tasc R30 V2.5, aktiv"]
[Result "0-1"]
[WhiteElo "2402"]
[BlackElo "2335"]
[PlyCount "156"]
[EventDate "2021.??.??"]

1. d4 d5 2. c4 dxc4 3. e3 Nf6 4. Nf3 e6 5. Bxc4 c5 6. O-O a6 {Buchende Tasc} 7.
Bb3 Nc6 {Erste Bewertung Tasc nach Buchende -0,26} 8. Nc3 b5 9. Qe2 Bb7 10. Rd1
{Buchende Genius} c4 11. Bc2 {Der Genius sieht keinen Buchvorteil für sich,
erste Bewertung -0,06} Nb4 12. Bb1 Nbd5 13. e4 Nxc3 14. bxc3 Qa5 15. Qe1 {
Genius -0,18 (hier hätte Fruit 2.1. den Vorstoss 15.d5 !! mit +0,51 für
Weiss bewertet).} Ba3 {Tasc +0,27} 16. Bc2 {Genius -0,25} O-O 17. Ne5 Rfd8 18.
Bxa3 Qxa3 19. Rdb1 Rac8 20. Qe3 Rb8 21. Rb4 Nd7 22. Nxd7 Rxd7 23. e5 Bc6 24.
Qc1 Qxc1+ 25. Rxc1 a5 26. Rb2 b4 27. a3 {nach diesem Zug steigt die Bewertung
des Tasc und auch die von Fruit 2.1. deutlich an, Schwarz bekommt hier einen
weit vorgerückten gedeckten Freibauern, für mich ein ganz schwacher Zug vom
Genius.} b3 {Tasc +0,79} 28. Bd1 {Genius -0,28} Rc7 {Tasc +0,89} 29. Be2 {
Genius -0,21} Be4 {Tasc +1,26} 30. g3 {Genius -0,21} h6 {Tasc +1,23} 31. Kf1 {
Genius -0,18 (Fruit 2.1. liegt mit seiner Bewertung in der Mitte mit +0,66
für Schwarz)} f6 {Tasc +1,26} 32. exf6 {Genius -0,09} gxf6 {Tasc +1,16} 33.
Bg4 {Genius -0,18} e5 {Tasc +1,30} 34. dxe5 {Genius -0,18} fxe5 {Tasc +1,40}
35. Re1 {Genius -0,15} Bd3+ {Tasc +1,59} 36. Kg1 {Genius -0,21 (Fruit 2.1: +1,
09 für Schwarz)} Rc5 {Tasc +1,53} 37. Re3 Rd8 {Tasc +1,71} 38. Rd2 Kf7 {
Der Tasc steigt mit jedem Zug, hier schon +1,87 !!} 39. Bf3 {Der Genius
negiert diese Meinung und bleibt bei seinen nur -0,21 !!} a4 {Tasc +1,98} 40.
Rb2 {Genius -0,25} Kf6 41. Kg2 Rd7 42. Bg4 Rd6 43. Bf3 Kf5 44. Bh5 Rc7 45. h3
Rb7 46. Bg4+ Kf6 47. Rf3+ Kg6 48. Re3 e4 49. Kh2 Rbb6 {Tasc +2,09} 50. Bd1 {
Genius -0,43} Kf6 51. Kg1 Rd5 52. Bg4 h5 53. Bd1 Re6 54. Rd2 Rb5 55. Rb2 Re7
56. Re1 h4 {Tasc +2,14} 57. gxh4 Rh7 58. h5 Rg5+ {Tasc +1,97} 59. Kh2 {Genius
-0,17} Ke5 60. Re3 Rb7 {Tasc +1,71} 61. Bg4 {Genius -0,23} Rg8 {Tasc +1,78} 62.
Kg3 Rf7 {Tasc +1,62} 63. f3 {Genius -0,10, lt. Analyse von Fruit 2.1. ist
dieser Zug um gleich 0,70 Bauerneinheiten schlechter als 63.Kh4 (Fruit
bewertet hier mit +1,51 für Schwarz)} Rf4 {Tasc +1,64} 64. Kh4 {Genius -0,10,
lt. Fruit 2.1. der nächste ganz schlechte Zug, er sieht hier Txf3 bereits mit
+2,68 für Schwarz.} Rb8 {Der Tasc sieht aber diesen Zug von Fruit nicht und
spielt Tb8 mit +1,77, daraufhin fällt die Bewertung von Fruit gleich von +2,
68 auf nur noch +0,97} 65. Re1 {Genius -0,10} Rbf8 66. Rh2 {Genius -0,14} Kd5 {
Tasc +2,03} 67. fxe4+ Rxe4 {Tasc +2,03} 68. Rd1 {Genius -0,48} Ke5 69. Rhd2 Re3
{Tasc +2,24} 70. Rg1 {Genius -0,54} Be4 71. Rg3 Rxg3 72. Kxg3 Rf1 {Nach exakt
19 Minuten Tasc +1,70} 73. Re2 {Genius -0,37, lt. Analyse von Fruit 2.1. wäre
hier 73. h6 !! mit nur -1,20 gewesen, an dieser Stelle springt die Bewertung
von Fruit innhalb von Sekunden auf +3,00 für Schwarz, das war dann
wahrscheinlich der letzte Fehler vom Genius in dieser Partie, hier dürfte es
wohl gelaufen sein.} Rg1+ {Der Tasc ist dem Genius auch in dieser Partie
haushoch überlegen, bewertet hier völlig richtig +2,36} 74. Kh4 {endlich
muss man sagen, hat auch der Genius ein wenig einsehen -1,40, Fruit 2.1.
bereits +3,59} Rg2 {Tasc +1,99} 75. Re1 {Genius -1,93} Kf4 76. h6 Rf2 77. Rxe4+
Kxe4 78. h7 Rf8 {Userentscheid: 0-1} 0-1

[Event "Millennium CG Exclusive - Tasc R30 V2.5"]
[Site "Wien"]
[Date "????.??.??"]
[Round "32"]
[White "Tasc R30 V2.5, aktiv"]
[Black "Millennium CG Exclusive"]
[Result "0-1"]
[WhiteElo "2335"]
[BlackElo "2402"]
[PlyCount "152"]
[EventDate "2021.??.??"]

1. Nf3 Nf6 2. d4 b6 3. Bg5 Bb7 4. e3 e6 5. Bd3 {Buchende Tasc} Be7 {Buchende
Genius} 6. O-O {Der Tasc ist sehr zufrieden mit seinem Buch, erste Bewertung
+0,43} h6 {Der Genius ist weniger zufrieden mit seinem Buch, erste Bewertung
-0,28} 7. Bxf6 Bxf6 8. c4 c5 9. Nc3 cxd4 10. exd4 Nc6 11. d5 Ne5 12. Re1 Nxd3
13. Qxd3 O-O 14. Rab1 Bxc3 15. bxc3 Rc8 16. Nd2 Qc7 17. Re3 Rfe8 18. Rbe1 Qc5
19. Ne4 Qa3 20. h3 Qe7 21. Nd2 Kh8 22. Qc2 Rc5 23. Re4 Rf8 {Was dieser
merkwürdige Zug soll verstehe ich nicht, im letzten Augenblick der Berechnung
ist der Genius der Ansicht, der ist besser als das logische Tec8, dann könnte
der nächste Zug des Tasc Sb3 nicht gemacht werden, so verliert Schwarz wieder
den ganzen Druck auf der C-Linie} 24. Nb3 Rcc8 25. Rd4 Qa3 26. Re3 Rfe8 27. Qd2
{Tasc +0,03} e5 {Genius ist hier sehr optimistisch in dieser Stellung, +1,03 !}
28. Qe2 {Tasc -0,10} f6 {Genius +1,00} 29. Rh4 Rf8 30. Rg3 {Tasc +0,18} Rf7 {
Genius +0,59} 31. Qh5 Qf8 32. Qf5 Qe7 {Fruit 2.1. hätte hier 32. g5!! mit +0,
93 für Schwarz gesehen, diesen Zug bewertet er nur mit +0,30 für Schwarz} 33.
Nd2 Ba6 34. a4 d6 35. Ne4 Rcf8 36. Rd3 Qd7 37. Qg6 Qd8 38. Qf5 Rc7 39. Rf3 Bxc4
40. Ng5 Bd3 41. Qxd3 fxg5 42. Rxf8+ Qxf8 43. Rc4 Rf7 44. Qc2 Qd8 45. Rc6 Qd7
46. Qb3 Qf5 47. Qa2 Qe4 48. f3 Qe3+ 49. Qf2 Qd3 50. c4 Rf4 {Genius +0,81 
(Fruit 2.1. hätte hier nach 50. e4 !! bereits einen Vorteil von +1,32 für
Schwarz gesehen.} 51. a5 {Tasc -0,75} bxa5 52. c5 {Tasc -0,92} dxc5 {Genius +1,
43} 53. Rxc5 {Die Stellungsbewertungen stimmen hier exakt überein, Tasc -1,43}
e4 {Genius +1,93} 54. Qc2 a4 55. Qxd3 exd3 56. Kf2 {Tasc -1,30} d2 {Genius +2,
14} 57. Ke2 Rd4 58. Kd1 Kg8 59. Ra5 Kf7 60. Rxa7+ Kg6 61. d6 Kf6 62. g3 Ke6 63.
Rxg7 Kxd6 64. Rg6+ Kc5 65. Rxh6 {Tasc -1,33 (Fruit 2.1. sieht hier bei einer
Rechentiefe von 23 HZ bereits einen Vorteil von +4,47 für Schwarz)} Kb5 {
Genius +2,90} 66. Rh8 {Tasc -2,54} a3 {Genius +3,46} 67. f4 gxf4 68. Ra8 {
Tasc -4,34} Ra4 {Genius +7,45} 69. Rb8+ {Tasc -5,18} Kc6 70. Rb1 a2 71. Ra1
fxg3 72. Kxd2 g2 73. Ke3 Rb4 74. Rc1+ Kd5 75. Rd1+ Ke5 76. Rg1 Rb1 {
Userentscheid: 0-1} 0-1